| 000 | 00494nam a2200169 a 4500 | ||
|---|---|---|---|
| 005 | 20140317165639.0 | ||
| 008 | 140317b2004 bl ||||| |||| 00| 0 spa d | ||
| 041 | _aspa | ||
| 044 | _abl | ||
| 090 |
_aLB _b04332 |
||
| 110 |
_aBrasil _bMinisterio del Medio Ambiente _922369 |
||
| 245 |
_aEstrategias nacionales de biodiversidad en América del Sur _bperspectivas para la cooperación regional |
||
| 260 |
_aBrasilia _bMMA _c2004 |
||
| 300 | _a285 p. | ||
| 942 |
_cImpreso _2z |
||
| 945 | _d2005-12-02 | ||
| 999 |
_c4909 _d4909 |
||